| 000 | 01638cam a2200169 4500500 | ||
|---|---|---|---|
| 005 | 20260111092046.0 | ||
| 041 | _afre | ||
| 042 | _adc | ||
| 100 | 1 | 0 |
_aDaudin, Claire _eauthor |
| 245 | 0 | 0 | _aBernanos altermondialiste |
| 260 | _c2011. | ||
| 500 | _a25 | ||
| 520 | _aDans ses romans comme dans ses écrits de combat, Bernanos disqualifie nos façons de penser, de panser la pauvreté. Il ne nous incite pas à soulager les pauvres, encore moins à les enrichir, ce qui serait intégrer ces irréductibles à un monde qu’ils contestent par leur seule existence. En appelant à honorer le pauvre, c’est bien un autre monde qu’il promeut. Un monde qui défie la primauté de l’argent ; un monde que l’Église aurait dû préfigurer, mais dont l’écrivain en révolte confie les destinées « aux mains des nations pauvres ». | ||
| 520 | _aIn his novels as in his écrits de combat, Bernanos discredits our ways of thinking, -of covering up poverty. He does not encourage us to relieve the poor, still less to enrich them ; that would be to integrate these intractable people into a world which they challenge by their sole existence. By calling us to honour the poor, it is another world which he is promoting. This is a world which defies the primacy of money ; it is a world which the Church should have prefigured but whose destiny the writer, in rebellion, entrusts “into the hands of poor nations”. | ||
| 786 | 0 | _nNouvelle revue théologique | 133 | 1 | 2011-01-10 | p. 89-101 | 0029-4845 | |
| 856 | 4 | 1 | _uhttps://shs.cairn.info/revue-nouvelle-revue-theologique-2011-1-page-89?lang=fr&redirect-ssocas=7080 |
| 999 |
_c1622631 _d1622631 |
||